000 01450nam a22001337a 4500
080 _a09
090 _bКАС
100 _aКасячук І.А.
245 _aВикористання стилістичних фігур семасіології синонімів у мові американських публіцистичних текстів
260 _aОстрог
_bКАФ
_c2007
300 _a65
520 _aВСТУП Розділ 1 Проблеми синонімії в сучасній англійській мові. 1.1 Теоретичні засади дослідження. 1.2 Лексико-семантичні класифікації мовних елементів. 1.3 Синоніми фігура семасіології. 1.4 Явище синонімії. Види синонімів. 1.5 Синоніми, що виражають ставлення особистості до інших осіб. Розділ 2 Лексико-семантична характеристика синонімів у публіцистичних текстах. 2.1 З історії питання лексичної синонімії. 2.2 Ідеографічні синоніми в публіцистичних виданнях. 2.3 Емоційно-експресивні синоніми в мові публіцистичних текстів. ВИСНОВОК
_0синонімія,семасіологія
999 _c283979
_d283979
942 _cBK